Statistics for 2021 Blue Jays Roster

Click here to take the quiz!

General Stats

  • This quiz has been taken 37 times
  • The average score is 19 of 62

Answer Stats

PositionPlayer% Correct
1BVladimir Guerrero Jr.
100%
SSBo Bichette
93%
CFGeorge Springer
81%
LFLourdes Gurriel Jr.
78%
RFTeoscar Hernandez
74%
CAlejandro Kirk
70%
3BCavan Biggio
70%
CDanny Jansen
70%
PAlek Manoah
67%
2BMarcus Semien
67%
PRobbie Ray
63%
PHyun-Jin Ryu
59%
PJordan Romano
59%
3BSantiago Espinal
59%
PJose Berrios
52%
CFRandal Grichuk
52%
PAdam Cimber
48%
1B/DHRowdy Tellez
48%
PNate Pearson
44%
PRoss Stripling
41%
PTim Mayza
37%
PSteven Matz
33%
PTrevor Richards
33%
PBrad Hand
30%
CReece McGuire
30%
2BJoe Panik
26%
PJulien Merryweather
26%
SSKevin Smith
26%
PRyan Borucki
26%
PTrent Thornton
26%
3BBreyvic Valera
22%
PDavid Phelps
22%
LFCorey Dickerson
19%
3BJake Lamb
19%
PRafael Dolis
19%
CFJarrod Dyson
15%
PTanner Roark
15%
PTyler Chatwood
15%
PA.J Cole
11%
PAnthony Kay
11%
PJoakim Soria
11%
CFJonathan Davis
11%
CFJosh Palacios
11%
2BOtto Lopez
11%
CRiley Adams
11%
PTayler Saucedo
11%
PThomas Hatch
11%
PAnthony Castro
7%
PBryan Baker
7%
PCarl Edwards Jr.
7%
PConnor Overton
7%
LFJared Hoying
7%
PJeremy Beasley
7%
PJoel Payamps
7%
PKirby Snead
7%
PNick Allgeyer
7%
PPatrick Murphy
7%
PT.J. Zeuch
7%
PJacob Barnes
4%
PTommy Milone
4%
PTravis Bergen
4%
PTy Tice
4%

Score Distribution

Percentile by Number Answered

Percent of People with Each Score

Your Score History

You have not taken this quiz